Design Devlopment of Power Amplifier for X-band Satellite Application/ (Record no. 603266)
[ view plain ]
| 000 -LEADER | |
|---|---|
| fixed length control field | 00711nam a22001817a 4500 |
| 003 - CONTROL NUMBER IDENTIFIER | |
| control field | NUST |
| 040 ## - CATALOGING SOURCE | |
| Original cataloging agency | 0 |
| 082 ## - DEWEY DECIMAL CLASSIFICATION NUMBER | |
| Classification number | 621.382,ALI |
| 100 ## - MAIN ENTRY--PERSONAL NAME | |
| Personal name | Ali, Hammad |
| 245 ## - TITLE STATEMENT | |
| Title | Design Devlopment of Power Amplifier for X-band Satellite Application/ |
| Statement of responsibility, etc. | GC Hammad Ali, GC Nouman Mujahid, GC Abdullah Saqib and GC Muhammad Uzair. (TCC-31 / BETE-56) |
| 264 ## - PRODUCTION, PUBLICATION, DISTRIBUTION, MANUFACTURE, AND COPYRIGHT NOTICE | |
| Place of production, publication, distribution, manufacture | Rawalpindi |
| Name of producer, publisher, distributor, manufacturer | MCS (NUST) |
| Date of production, publication, distribution, manufacture, or copyright notice | 2023 |
| 300 ## - PHYSICAL DESCRIPTION | |
| Extent | 59 p.; |
| 505 ## - FORMATTED CONTENTS NOTE | |
| Formatted contents note | Introduction (Page-9), Literature Review (Page-13), Simulation Plan (Page-16), Conclusion (Page-51), References (Page-52). |
| 650 ## - SUBJECT ADDED ENTRY--TOPICAL TERM | |
| Topical term or geographic name entry element | UG EE Project |
| 690 ## - LOCAL SUBJECT ADDED ENTRY--TOPICAL TERM (OCLC, RLIN) | |
| Topical term or geographic name as entry element | TCC-31 / BETE-56 |
| 700 ## - ADDED ENTRY--PERSONAL NAME | |
| Personal name | Supervised by Dr. Shibli Nisar |
| 942 ## - ADDED ENTRY ELEMENTS (KOHA) | |
| Source of classification or shelving scheme | |
| Koha item type | Project Report |
| Withdrawn status | Permanent Location | Current Location | Shelving location | Date acquired | Full call number | Barcode | Koha item type |
|---|---|---|---|---|---|---|---|
| Military College of Signals (MCS) | Military College of Signals (MCS) | Thesis | 09/28/2023 | 621.382,ALI | MCSPTC-435 | Project Report |
